| 000 | 00867nam a2200301Ia 4500 | ||
|---|---|---|---|
| 001 | 60566 | ||
| 003 | IT-RoPAU | ||
| 008 | 130308s9999 xx 000 0 und d | ||
| 040 | _aIT-RoPAU | ||
| 040 | _cIT-RoPAU | ||
| 041 | _aFRANCESE | ||
| 100 | _aPlenat Marc | ||
| 100 | _gCodice Aut. SPICS: 21751 | ||
| 245 | _aMorphologie du largonji des loucherbems | ||
| 245 | _bRetour de la Morphologie (Le)-Langages 78 | ||
| 250 | _a1a ed. | ||
| 260 | _aPARIS | ||
| 260 | _bLarousse | ||
| 260 | _c1985 [1° Ed.:1985 - Ed.Ling.Originale:1985] | ||
| 300 | _a"50 p. (prefazione: no ; testo: 50 [pagine: 73-122])" | ||
| 500 | _aMorfologia Non Lineare Largonji del repertorio di Loredan Larchey vocabolario del Largonji | ||
| 650 | _aSAGGI DI LINGUISTICA | ||
| 650 | _eCodice materia Spics: 3207 | ||
| 942 | _cBK | ||
| 957 | _71 | ||
| 999 |
_c40111 _d40111 |
||
| 999 | _bSI | ||
| 999 | _g1 | ||